000 01107nam a22003257a 4500
003 CHAP
005 20220817042235.0
008 971013s1979 r 00010 d
010 _a38410
011 _a39382
035 _a43502
040 _cCHAP
090 _aFolleto 12172
100 0 0 _aPeniche Vera, Rocío.
_986681
245 _aIntroducción de la investigación de operaciones en la enseñanza media
260 _aMéxico :
_bUNAM. Facultad de Ciencias. Departamento de Matemáticas,
_c1979
300 _a23 p.
490 _aComunicación interna. Divulgación
_v; 9
590 _aBATCH-UPD
_b10
_c20130109
_lUCH01
_h2327
590 _aBATCH-UPD
_b10
_c20130110
_lUCH01
_h1738
590 _aBATCH-UPD
_b10
_c20130409
_lUCH01
_h1851
590 _aBATCH-UPD
_b10
_c20130410
_lUCH01
_h1118
590 _aBATCH-UPD
_b10
_c20130914
_lUCH01
_h1023
590 _aCONVERSION
_b10
_c20130109
_lUCH01
_h1321
650 1 4 _aOperaciones
_xInvestigación.
_983361
830 0 _aComunicación interna - Divulgación
_v; 9
901 _aBK
942 _cFOLL
949 _aFolleto 12172
_bBC
_cFOLL
_d-99618
_eTS1
_i43502
_si
999 _c38410
_d38410